| 000 | 00476nam a22001457a 4500 | ||
|---|---|---|---|
| 008 | 090715t xxu||||| |||| 00| 0 eng d | ||
| 020 | _a9770912034 | ||
| 082 |
_221 _a812.043 _bح ك ي |
||
| 245 |
_aالسلطان الحائر : _bمسرحية / _cتوفيق الحكيم. |
||
| 250 | _aط 1. | ||
| 260 |
_aالقاهرة : _bدار الشروق ، _c2005. |
||
| 300 |
_a؛ 199 ص _c19.50 سم. |
||
| 650 |
_98024 _aالمسرحيات العربية _zمصر |
||
| 942 |
_2ddc _cBB |
||
| 999 |
_c12359 _d12359 |
||